| 000 | 00562nam a22002057a 4500 | ||
|---|---|---|---|
| 999 |
_c7334 _d7334 |
||
| 003 | OSt | ||
| 005 | 20211005135632.0 | ||
| 008 | 211005b ||||| |||| 00| 0 eng d | ||
| 020 | _a0070122202 | ||
| 040 | _cDDC | ||
| 082 | _a590LYT 2000. | ||
| 100 |
_aLytle,Charles F.; _915031 |
||
| 245 |
_aGeneral Zoology. _bLaboratory Guide. _cEdited by Lytle,Charles F.; |
||
| 250 | _a13th Ed. | ||
| 260 |
_aUSA. _bMcGraw-Hill. _c2000 |
||
| 300 |
_axxii,371p; _bill; _c26cm. |
||
| 504 | _aIncludes; references and index. | ||
| 650 |
_aBiology _95602 |
||
| 942 |
_2ddc _cO_SHELF |
||